| 000 | 00000nam 2200000zi 4500 |
| 001 | 9.919108 |
| 003 | CaOODSP |
| 005 | 20230113093842 |
| 006 | m o d f |
| 007 | cr |n||||||||| |
| 008 | 230113t20042004onca obf f000 0 fre d |
| 020 | |z0660969297 |
| 040 | |aCaOODSP|bfre|erda|cCaOODSP |
| 043 | |an-cn--- |
| 086 | 1 |aNH15-424/2004F-PDF|zNH15-424/2004F |
| 245 | 00|aSystèmes d'isolation des façades avec enduit. |
| 264 | 1|a[Ottawa] : |bSCHL, |c[2004] |
| 264 | 4|c©2004 |
| 300 | |a1 ressource en ligne (iii, 102 pages en pages multiple) : |billustrations. |
| 336 | |atexte|btxt|2rdacontent/fre |
| 337 | |ainformatique|bc|2rdamedia/fre |
| 338 | |aressource en ligne|bcr|2rdacarrier/fre |
| 490 | 0 |aGuide des règles de l'art, technologie du bâtiment |
| 500 | |aPublié aussi en anglais sous le titre : Exterior insulation and finish systems. |
| 500 | |a«British Columbia Wall and Ceiling Association.» |
| 504 | |aComprend des références bibliographiques. |
| 650 | 0|aExterior insulation and finish systems|xDesign and construction|vHandbooks, manuals, etc. |
| 650 | 0|aInsulation (Heat)|vHandbooks, manuals, etc. |
| 650 | 0|aDwellings|zCanada|xDesign and construction|vHandbooks, manuals, etc. |
| 650 | 6|aIsolation thermique par l'extérieur|xConception et construction|vGuides, manuels, etc. |
| 650 | 6|aIsolation thermique|vGuides, manuels, etc. |
| 650 | 6|aHabitations|xConstruction|zCanada|vGuides, manuels, etc. |
| 655 | 7|aGuides et manuels|2rvmgf |
| 710 | 2 |aSociété canadienne d'hypothèques et de logement, |eorganisme de publication. |
| 775 | 08|tExterior insulaltion and finish systems |w(CaOODSP)9.825823 |
| 856 | 40|qPDF|s2.08 Mo|uhttps://publications.gc.ca/collections/collection_2023/schl-cmhc/NH15-424-2004-fra.pdf |